A most detestable crime : new philosophical essays on rape (Record no. 342745)

MARC details
000 -LEADER
fixed length control field 00657nam a2200205Ia 4500
008 - FIXED-LENGTH DATA ELEMENTS--GENERAL INFORMATION
fixed length control field 191130s1999##################000#0#eng##
020 ## - INTERNATIONAL STANDARD BOOK NUMBER
International Standard Book Number 9780195120752
022 ## - INTERNATIONAL STANDARD SERIAL NUMBER
International Standard Serial Number 98026835
040 ## - CATALOGING SOURCE
Original cataloging agency ACL
Transcribing agency ACL
082 ## - DEWEY DECIMAL CLASSIFICATION NUMBER
Classification number 306.701 BUR
245 ## - TITLE STATEMENT
Title A most detestable crime : new philosophical essays on rape
Statement of responsibility, etc. edited by Keith Burgess-Jackson
260 ## - PUBLICATION, DISTRIBUTION, ETC.
Place of publication, distribution, etc. Oxford
Name of publisher, distributor, etc. Oxford University Press
Date of publication, distribution, etc. 1999
300 ## - PHYSICAL DESCRIPTION
Extent xv, 306 p. ; 24 cm
500 ## - GENERAL NOTE
General note Includes bibliographical references (p. 275-300) and index
650 ## - SUBJECT ADDED ENTRY--TOPICAL TERM
Topical term or geographic name entry element Rape - Philosophy
700 ## - ADDED ENTRY--PERSONAL NAME
Personal name Burgess-Jackson, Keith
990 ## - EQUIVALENCES OR CROSS-REFERENCES [LOCAL, CANADA]
Link information for 9XX fields 00f64982ac10000c556ea8f02da975e0
991 ## -
-- 16253
Holdings
Withdrawn status Lost status Damaged status Not for loan Home library Current library Shelving location Date acquired Total Checkouts Full call number Barcode Date last seen Price effective from Koha item type
        Anna Centenary Library Anna Centenary Library 3RD FLOOR, B WING 15.10.2020   306.701 BUR 281082 15.10.2020 15.10.2020 English Books

Find us on the map